| 000 | 00796nam1a22002171i 4500 | ||
|---|---|---|---|
| 001 | rc\4203596 | ||
| 005 | 20260407085818.0 | ||
| 035 | _a(NLR Aleph) 008009067 | ||
| 090 |
_a8688646 _c8688646 |
||
| 100 | _a20130415d1949 |||a0rusy50 ca | ||
| 101 | 0 | _arus | |
| 102 | _aRU | ||
| 105 | _a z ||||| | ||
| 200 | 1 |
_aТехнические условия _eТУ № 67-41- _fСССР. М-во мяс. и мол. пром-сти |
|
| 210 |
_aМосква _cтиполит. М-ва мяс. и мол. пром-сти СССР _d[1949] |
||
| 215 | _d20 | ||
| 710 | 0 | 1 |
_aСССР _bМинистерство мясной и молочной промышленности _3RU\NLR\AUTH\8813427 _9299857 |
| 801 | 0 |
_aRU _bNLR _gpsbo |
|
| 801 | 1 |
_aRU _bELAR _2rusmarc |
|
| 852 |
_aNLR _jШифры разные |
||
| 942 | _cBOOK | ||